000 01899nam a22002777a 4500
008 100310s mau|||||r|||| 001 0 eng d
020 _a1439040230
020 _a9781439040232
082 _222
_a005.133
_bMAL
100 _aMalik, D. S.
_912446
245 _aData Structures Using C++ /
_cD. S. Malik.
250 _a2nd ed.
260 _aBoston :
_bCourse Technology, Cengage Learning ,
_c2010
300 _a912 p. :
_bill. ;
_c25 cm.
500 _aIncludes Index.
650 _aC++ (Computer program language)
_912447
650 _aData structures (Computer science)
_912448
942 _2ddc
_cBB
999 _c13626
_d13626